The Power of Systems (Record no. 351460)
[ view plain ]
| 000 -LEADER | |
|---|---|
| fixed length control field | 00537nam a2200145Ia 4500 |
| 008 - FIXED-LENGTH DATA ELEMENTS--GENERAL INFORMATION | |
| fixed length control field | 171212s9999 xx 000 0 und d |
| 020 ## - INTERNATIONAL STANDARD BOOK NUMBER | |
| International Standard Book Number | 9781501703188 |
| 100 ## - MAIN ENTRY--PERSONAL NAME | |
| Personal name | Rindzeviciute, Egle |
| 245 ## - TITLE STATEMENT | |
| Statement of responsibility, etc | Rindzeviciute, Egle |
| Title | The Power of Systems |
| Remainder of title | How Policy Sciences Opened Up the Cold War World |
| 260 ## - PUBLICATION, DISTRIBUTION, ETC. (IMPRINT) | |
| Name of publisher, distributor, etc | Cornell University Press |
| Date of publication, distribution, etc | 2016 |
| 440 ## - SERIES STATEMENT/ADDED ENTRY--TITLE | |
| Title | Cornell Studies in Classical Philology |
| 650 ## - SUBJECT ADDED ENTRY--TOPICAL TERM | |
| Topical term or geographic name as entry element | History |
| 650 ## - SUBJECT ADDED ENTRY--TOPICAL TERM | |
| Topical term or geographic name as entry element | Policy sciences; Political science -- Methodology |
| 856 ## - ELECTRONIC LOCATION AND ACCESS | |
| Uniform Resource Identifier | <a href="http://jstor.org/stable/10.7591/j.ctt1d2dmw5">http://jstor.org/stable/10.7591/j.ctt1d2dmw5</a> |
| Withdrawn status | Lost status | Damaged status | Home library | Current library | Date acquired | Total Checkouts | Full call number | Date last seen | Price effective from | Koha item type |
|---|---|---|---|---|---|---|---|---|---|---|
| College Library | College Library | 12/12/2017 | JA 80 .R635 2016 | 12/12/2017 | 12/12/2017 | Curriculum - Based eBooks |